乃木坂46の歴代メンバー - Statistics

General Stats
  • This quiz has been taken 185 times
  • The average score is 54 of 98
Answer Stats
ヒント Answer % Correct
1期 白石麻衣
89%
1期 齋藤飛鳥
86%
4期 遠藤さくら
84%
1期 生田絵梨花
83%
1期 秋元真夏
81%
3期 久保史緒里
81%
1期 西野七瀬
80%
3期 梅澤美波
80%
3期 与田祐希
80%
3期 山下美月
79%
4期 賀喜遥香
79%
3期 吉田綾乃クリスティー
77%
1期 生駒里奈
76%
5期 五百城茉央
76%
5期 中西アルノ
76%
5期 井上和
74%
3期 大園桃子
73%
1期 橋本奈々未
71%
2期 堀未央奈
69%
4期 田村真佑
69%
3期 伊藤理々杏
67%
5期 池田瑛紗
67%
5期 川﨑桜
67%
3期 岩本蓮加
66%
3期 佐藤楓
66%
4期 掛橋沙耶香
64%
5期 一ノ瀬美空
64%
5期 冨里奈央
64%
1期 和田まあや
63%
2期 新内眞衣
63%
2期 鈴木絢音
63%
4期 金川紗耶
63%
4期 清宮レイ
63%
5期 岡本姫奈
63%
1期 高山一実
61%
1期 松村沙友里
61%
4期 弓木奈於
61%
1期 深川麻衣
60%
4期 筒井あやめ
60%
4期 早川聖来
60%
4期 林瑠奈
60%
5期 菅原咲月
60%
4期 矢久保美緒
59%
5期 小川彩
59%
1期 伊藤万理華
57%
1期 桜井玲香
57%
4期 佐藤璃果
57%
2期 北野日奈子
56%
3期 阪口珠美
56%
4期 松尾美佑
56%
5期 奥田いろは
54%
6期 矢田萌華
54%
1期 星野みなみ
53%
2期 山崎怜奈
53%
6期 大越ひなの
53%
1期 斎藤ちはる
50%
1期 中田花奈
50%
1期 若月佑美
50%
2期 伊藤純奈
50%
4期 黒見明香
50%
6期 瀬戸口心月
50%
6期 増田三莉音
50%
1期 衛藤美彩
49%
2期 寺田蘭世
49%
3期 向井葉月
49%
4期 柴田柚菜
49%
1期 斉藤優里
47%
1期 樋口日奈
47%
2期 佐々木琴子
47%
2期 渡辺みり愛
47%
3期 中村麗乃
47%
4期 北川悠理
46%
6期 愛宕心響
46%
6期 川端晃菜
46%
6期 鈴木佑捺
46%
6期 長嶋凛桜
46%
6期 森平麗心
46%
1期 市來玲奈
44%
1期 井上小百合
44%
6期 小津玲奈
44%
2期 伊藤かりん
41%
6期 海邉朱莉
40%
1期 中元日芽香
39%
1期 川後陽菜
37%
1期 伊藤寧々
36%
2期 相楽伊織
36%
1期 能條愛未
33%
1期 大和里菜
30%
1期 永島聖羅
29%
1期 安藤美雲
27%
1期 川村真洋
26%
1期 畠中清羅
21%
2期 西川七海
21%
1期 岩瀬佑美子
20%
1期 柏幸奈
19%
2期 米徳京花
16%
1期 宮澤成良
13%
2期 矢田里沙子
10%
No matching quizzes found
Score Distribution
Percent of People with Each Score
Percentile by Number Answered
Your Score History
You have not taken this quiz